Normal view
MARC view
Entry Personal Name
001 - CONTROL NUMBER
- control field: 45221
003 - CONTROL NUMBER IDENTIFIER
- control field: dpl
005 - DATE AND TIME OF LATEST TRANSACTION
- control field: 20120417130109.0
008 - FIXED-LENGTH DATA ELEMENTS
- fixed length control field: 120417|||a|||||| | ||| d
040 ## - CATALOGING SOURCE
- Original cataloging agency: dpl
- Transcribing agency: dpl
100 ## - HEADING--PERSONAL NAME
- Personal name: Sen, Amartya
670 ## - SOURCE DATA FOUND
- Source citation: Work cat.: (dpl): Sen, Amartya, On economic inequality /, 1999
670 ## - SOURCE DATA FOUND
- Source citation: Work cat.: (dpl): Sen, Amartya, On economic inequality /, 1999
